| 000 | 00665nam a2200181Ia 4500 | ||
|---|---|---|---|
| 008 | 090630s9999 xx 000 0 und d | ||
| 082 | _b5614 | ||
| 100 | _aवाळिंबे वि. स. | ||
| 245 |
_aमारुती कारस्थान. _cवाळिंबे वि. स. |
||
| 260 |
_bविश्वकर्मा साहित्यालय. _c1979 |
||
| 300 | _a200 | ||
| 600 | _aवाळिंबे वि. स. | ||
| 630 | _aमारुती कारस्थान. | ||
| 655 | _aलघुकथा. | ||
| 700 | _aवाळिंबे वि. स. | ||
| 730 | _aमारुती कारस्थान. | ||
| 942 | _cBOOK | ||
| 999 |
_c257470 _d257470 |
||